The legend of Henry For with a new pref. by William Greenleaf

Gardado en:
Detalles Bibliográficos
Autor Principal: Sward, Keith
Formato: Libro
Idioma:Undetermined
Publicado: New York Atheneum 1968
Các nhãn: Engadir etiqueta
Sen Etiquetas, Sexa o primeiro en etiquetar este rexistro!
Thư viện lưu trữ: Trung tâm Học liệu Trường Đại học Cần Thơ
LEADER 00464nam a2200169Ia 4500
001 CTU_83606
008 210402s9999 xx 000 0 und d
082 |a 629.2 
082 |b S973 
100 |a Sward, Keith 
245 4 |a The legend of Henry For with a new pref. by William Greenleaf 
245 0 |c Keith Sward 
260 |a New York 
260 |b Atheneum 
260 |c 1968 
904 |i Qhieu(sửa) 
980 |a Trung tâm Học liệu Trường Đại học Cần Thơ